Score 0/8 Timer 00:30
18 Plays Today
% Correct
The Empire Strikes Back
95.3%
Return of the Jedi
94.5%
A New Hope
92.9%
The Force Awakens
87.9%
Solo
85.6%
The Last Jedi
85.2%
The Rise of Skywalker
84.8%
Revenge of the Sith
69%
Remove Ads.
Support Sporcle.
Get the best of Sporcle when you Go Orange. This ad-free experience offers more features, more stats, and more fun while also helping to support Sporcle. Thank you for becoming a member.

You're not logged in!

Compare scores with friends on all Sporcle quizzes.
OR
Log In

Show Comments

Extras

Top Quizzes Today


Score Distribution

Your Account Isn't Verified!

In order to create a playlist on Sporcle, you need to verify the email address you used during registration. Go to your Sporcle Settings to finish the process.

Report this User

Report this user for behavior that violates our Community Guidelines.

Details: